Tereziánske reformy - starý základ moderného školstva

Bibliographic Details
Main Author: Pajtinka, Ľubomír, 1955- (Author)
Format: Article
Language:Slovak
ISSN:1335-003X
Subjects:

MARC

LEADER 00000nab a2200000 a 4500
001 vtls009481719
003 SK-MaSNL
005 20260304152658.0
008 250506c2008 xo mr|p|||an |000 b|slo
015 |a SNBRB2009/03 
035 |a (uuid)4f86beb5-f41a-4795-9abf-dd464391ca11 
035 |a urn:nbn:sk:snk-ab9tes 
035 |a (urnnbn)urn:nbn:sk:snk:ar-a08uaf 
038 |a SPK 
040 |a SNKBUCL  |b slo  |c SNKBUCL  |e AACR2 
041 0 |a slo  |b eng  |b slo 
044 |a xo  |c SK 
072 7 |a 37.014  |x Vzdelávacia a výchovná politika  |2 konspekt 
072 7 |a 93/94  |x Dejiny (všeobecne)  |2 konspekt 
080 |a 37.014.3  |2 1997 
080 |a 93  |2 1997 
080 |a 37.014.14  |2 1997 
100 1 |a Pajtinka, Ľubomír,  |d 1955-  |4 aut  |9 107309 
245 1 0 |a Tereziánske reformy - starý základ moderného školstva  |c Ľubomír Pajtinka 
504 |a Bibliogr. odkazy 
546 |a Res. angl., slov. 
650 0 7 |a školské reformy  |2 snkbucl  |9 50060 
650 0 7 |a povinná školská dochádzka  |2 spk  |9 28792 
773 0 |t Technológia vzdelávania  |g Roč. XIV., č. 5 (2008), s. 12-15  |x 1335-003X 
850 |a Slovenská národná knižnica 
852 |a Slovenská národná knižnica 
954 |a odborná, vedecká literatúra pôvodná (slovenská)  |2 lita 
958 |a article13 
958 |a NB  |2 spk 
958 |a OND 
958 |a EUIPO 
999 |c 2950436  |d 2952366